000 00442nam a2200181Ia 4500
001 4580
005 20260306145806.0
008 260306t1994||||xx |||||||||||||| ||spa||
041 _aESP
082 _a325.2510985
_bT78 T. 1
100 _aTrazegnies Granda, Fernando de
_eAUT
245 0 _aEn el país de las colinas de arena
260 _c1994
300 _apágs. :
_ccm.
650 _aGEN
654 _aCHU
942 _cLIB
_dJUS
_fJUS
_2ddc
_n
999 _c4580
_d4580